| 000 | 01511cam a2200433 4500 | ||
|---|---|---|---|
| 003 | PE-LiUPU | ||
| 005 | 20250731173328.0 | ||
| 008 | 2005 sp spa | ||
| 020 | _a8470574779 | ||
| 035 | _a(Sirsi) i9788470574771 | ||
| 035 | _a(Sirsi) 41780 | ||
| 035 | _a(Sirsi) 41780 | ||
| 041 | _aes | ||
| 044 | _aes | ||
| 082 | 0 | 4 |
_a226.4 _bF58 |
| 100 | 1 | _aFitzmyer, Joseph A. | |
| 245 | 1 | 3 |
_aEl evangelio según Lucas IV: _btraducción y comentario capítulos 18,15-24,53 / _cJoseph A. Fitzmyer. |
| 264 | 1 |
_aMadrid : _bCristiandad, _c2005 |
|
| 505 | 0 | _aNarración sinóptica del viaje -- Ministerio de Jesús en Jerusalén -- El relato de la pasión -- El relato de la resurrección. | |
| 526 | _aSEG42 | ||
| 526 | _aSEG41 | ||
| 526 | _aSEG40 | ||
| 526 | _aSEG39 | ||
| 526 | _aP94 | ||
| 526 | _aP87 | ||
| 526 | _aP86 | ||
| 526 | _aP85 | ||
| 526 | _aP77 | ||
| 526 | _aP76 | ||
| 526 | _aP35 | ||
| 630 | 0 | 4 |
_aBiblia _pN.T. _pLucas _xComentarios. |
| 942 |
_2ddc _cBOOK |
||
| 949 |
_a226.4 F58 _i59016 _lCCODEBUL1 _mBUL _tLIBRO _o.STAFF. Colección Teología |
||
| 859 |
_q59016 _h226.4 _iF58 |
||
| 910 |
_agl _bjv _clch _d20090105 |
||
| 596 | _a1 | ||
| 999 |
_a226.4 F58 _wDEWEY _c47854 _i59016 _d47854 _e2019-5-28 _f2021-11-9 _g5 _lCCODEBUL1 _mBUL _n3 _p58.00 _q5 _r0 _sY _tBOOK _u2015-6-25 _xTEOLOGIA _PP35 _0COMPRA _o.STAFF. Colección Teología |
||
| 980 |
_81 _gALBERTO SANCHEZ Responsable de Automatización |
||